Focus (Record no. 84351)

MARC details
000 -LEADER
fixed length control field 00734cab a22001935a 4500
001 - CONTROL NUMBER
control field L157359
008 - FIXED-LENGTH DATA ELEMENTS--GENERAL INFORMATION
fixed length control field 121031e20121020xxk 000 0 eng d
035 ## - SYSTEM CONTROL NUMBER
System control number (Sirsi) u157359
041 0# - LANGUAGE CODE
Language code of text/sound track or separate title eng
100 1# - MAIN ENTRY--PERSONAL NAME
Personal name Binns, Simon
245 00 - TITLE STATEMENT
Title Focus
Remainder of title North East
260 ## - PUBLICATION, DISTRIBUTION, ETC.
Date of publication, distribution, etc. 2012
490 ## - SERIES STATEMENT
Series statement Estates Gazette
Volume/sequential designation (1242) 20 October 2012, 77-87(10)
520 ## - SUMMARY, ETC.
Summary, etc. Investigates whether the North East's regional authorities can come together to attract investment after government cuts have caused the closure of One North East, a £90m a year regional development agnecy. Includes information on Newcastle City Council and student housing.
590 ## - LOCAL NOTE (RLIN)
Local note KA
690 ## - LOCAL SUBJECT ADDED ENTRY--TOPICAL TERM (OCLC, RLIN)
Topical term or geographic name as entry element Commercial property
9 (RLIN) 6227
700 1# - ADDED ENTRY--PERSONAL NAME
Personal name Hamilton, Helen
942 ## - ADDED ENTRY ELEMENTS (KOHA)
Suppress in OPAC 0
Holdings
Withdrawn status Lost status Source of classification or shelving scheme Damaged status Not for loan Home library Current library Shelving location Date acquired Total Checkouts Full call number Barcode Date last seen Copy number Price effective from Koha item type
    Dewey Decimal Classification     London London Journal article 31/10/2012   L157359 157359-1001 06/08/2019 1 06/08/2019 Journal article